000 00964nac a22003137a 4500
001 BR0706647
003 BR-BrBNA
005 20240105123524.0
008 230509b bl.|||m| |||| 00| 0 por d
040 _aBR-BrBNA
_bpor
_cBiblioteca Nacional de Agricultura
072 _aP30
090 _a0336 BR0706647
100 1 _aFranchini, J.C.
100 1 _aTorres, E.
100 1 _aGonçalves, S.L.
100 1 _aSaraiva, O.F.
110 1 _aEMBRAPA Soja, Londrina, PR (Brasil)
245 1 _aContribuição de sistemas de manejo do solo para a produção sustentável da soja
260 3 _aLondrina, PR (Brasil):
_c2007.
300 _a4 p.
490 _aCircular Técnica - EMBRAPA Soja (Brazil)
_vno. 46
_xISSN 1516-7860
500 _a6 illus.; 8 ref.
650 _aSOJA
650 _aMANEJO DO SOLO
650 _aPLANTIO DIRETO
650 _aPROPRIEDADE FÍSICO-QUÍMICA
909 _a202312
_bLúcia Elande
_c55
_dLúcia Elande
942 _2AGRIS
_n0
_cMS
999 _c295845
_d295845